[Event "Stjernen NGP B"]
[Site "Oslo"]
[Date "2018.06.09"]
[Round "4"]
[White "Stein, Anders Ivan"]
[Black "Iversen, Anders B"]
[Result "1/2-1/2"]
[WhiteElo "1396"]
[BlackElo "1615"]
[PlyCount "88"]
[EventDate "2018.06.08"]
[EventType "swiss"]
[EventRounds "6"]
[EventCountry "NOR"]
[SourceTitle "EXT 2024"]
[Source "ChessBase"]
[SourceDate "2023.10.10"]
[SourceVersion "1"]
[SourceVersionDate "2023.10.10"]
[SourceQuality "1"]

1. e4 c5 2. Nf3 d6 3. c3 Nf6 4. Bb5+ Bd7 5. Bxd7+ Qxd7 6. d3 g6 7. Bg5 Bg7 8. Qd2 Nc6 9. 0-0 h6 10. Be3 Ng4 11. h3 Nxe3 12. Qxe3 Ne5 13. Nxe5 Bxe5 14. Nd2 Bg7 15. d4 cxd4 16. cxd4 Qa4 17. Nb3 Rc8 18. Rac1 Rxc1 19. Rxc1 Kd7 20. e5 Qb4 21. exd6 exd6 22. Qc3 Qxc3 23. bxc3 Rc8 24. c4 b6 25. c5 bxc5 26. dxc5 dxc5 27. Rxc5 Rxc5 28. Nxc5+ Kc6 29. Nb3 Kb5 30. Kf1 Kb4 31. Ke2 Ka3 32. Na5 Bd4 33. Nc6 Bb6 34. Ne5 Kxa2 35. Nxf7 a5 36. Ne5 g5 37. Nc4 Bc7 38. g3 a4 39. h4 a3 40. hxg5 hxg5 41. Kf3 Kb3 42. Nxa3 Kxa3 43. Kg4 Bd8 44. f4 gxf4 1/2-1/2

[Event "Oslo Stjernen op B"]
[Site "Oslo"]
[Date "2017.06.17"]
[Round "4"]
[White "Stein, Anders Ivan"]
[Black "Iversen, Anders B"]
[Result "0-1"]
[WhiteElo "1004"]
[BlackElo "1451"]
[PlyCount "84"]
[EventDate "2017.06.16"]
[EventType "swiss"]
[EventRounds "6"]
[EventCountry "NOR"]
[SourceTitle "EXT 2024"]
[Source "ChessBase"]
[SourceDate "2023.10.10"]
[SourceVersion "1"]
[SourceVersionDate "2023.10.10"]
[SourceQuality "1"]

1. e4 c5 2. Nf3 d6 3. c3 Nf6 4. e5 Ng4 5. Bb5+ Bd7 6. Bxd7+ Qxd7 7. exd6 Qe6+ 8. Qe2 Qxe2+ 9. Kxe2 exd6 10. Re1 Be7 11. d4 Nc6 12. Kf1 0-0-0 13. d5 Nce5 14. Nxe5 Nxe5 15. f4 Ng6 16. Be3 Rhe8 17. g3 h5 18. Nd2 Bf6 19. Rac1 Ne7 20. Re2 Nxd5 21. Rce1 Kd7 22. Bf2 Rxe2 23. Rxe2 Re8 24. Rxe8 Kxe8 25. Ne4 Be7 26. Ke2 Nf6 27. Kd3 b6 28. Nxf6+ Bxf6 29. Kc4 Kd7 30. Kd5 a6 31. a4 b5 32. axb5 axb5 33. Be1 Bd8 34. b4 cxb4 35. cxb4 Bb6 36. h4 f5 37. Bf2 Bxf2 38. g4 hxg4 39. h5 g3 40. h6 g2 41. h7 g1Q 42. h8Q Qd1# 0-1